<?xml version="1.0" encoding="UTF-8"?>
<marc:record xmlns:marc="http://www.loc.gov/MARC21/slim">
   <marc:leader>00000nam a2200000 a 4500</marc:leader>
   <marc:datafield ind1="1" ind2=" " tag="100">
      <marc:subfield code="a">Bollain, Iciar</marc:subfield>
   </marc:datafield>
   <marc:datafield ind1="0" ind2="0" tag="245">
      <marc:subfield code="a">Maixabel</marc:subfield>
   </marc:datafield>
   <marc:datafield ind1="0" ind2="0" tag="245">
      <marc:subfield code="b">Eine Geschichte von Liebe, Zorn und Hoffnung</marc:subfield>
   </marc:datafield>
   <marc:datafield ind1=" " ind2="1" tag="264">
      <marc:subfield code="a">Tübingen</marc:subfield>
      <marc:subfield code="b">Good Movies</marc:subfield>
      <marc:subfield code="c">2023</marc:subfield>
   </marc:datafield>
   <marc:datafield ind1="1" ind2=" " tag="490">
      <marc:subfield code="a">4</marc:subfield>
   </marc:datafield>
   <marc:datafield ind1="1" ind2=" " tag="520">
      <marc:subfield code="a">Im Jahr 2000 wird Juan Mari Jauregui, früherer Zivilgouverneur im baskischen Gipuzkoa, durch einen Mordanschlag der ETA getötet. Für seine Frau Maixabel Lasa bricht eine Welt zusammen. Sie muss die Kraft zum Weitermachen finden, für ihre Tochter Maria, für die Politik des Dialogs-, für die Juan Mari immer gekämpft hatte. Elf Jahre später bitten sie zwei der inhaftierten Mörder um ein Gespräch. Maixabel wagt die Begegnung, gegen alle Widerstände.</marc:subfield>
   </marc:datafield>
   <marc:datafield ind1=" " ind2=" " tag="020">
      <marc:subfield code="a">4009750209653</marc:subfield>
      <marc:subfield code="9">4009750209653</marc:subfield>
   </marc:datafield>
   <marc:datafield ind1="0" ind2=" " tag="490">
      <marc:subfield code="v">0</marc:subfield>
   </marc:datafield>
   <marc:datafield ind1=" " ind2=" " tag="300">
      <marc:subfield code="a">112 Min.</marc:subfield>
   </marc:datafield>
</marc:record>
